01150nam a22002537a 450000100060000000300080000600500170001400800410003103500190007204000350009104100080012608200250013410000340015924501990019326000800039230000390047250200860051150400340059765000470063170000430067894200130072199900170073495201450075181363BD-RjUL20230509185746.0230509s2019 bg a|||| m||| 00| 0 eng d a(BD-RjUL)81363 aBD-RjULbengcBD-RjULdBD-RjUL aeng 223a633.34bISI 2019 aIslam, Mohammad. Nazrul9737610aImprovement of somatic and gametic embryogenesis for enhancement of abiotic stress tolerance in soybean [ Glycine Max (L) Merr,] /cBy Mohammad. Nazrul Islam ;6Supervisor S. M. Shahinul Islam : aRajshahi :bInstitute of Biological Sciences, University of Rajshahi,c2019 axvii, 190 leaves :bill, ;c29.cm. aThesis (Ph. D.) -- Institute of Biological Sciences, University of Rajshahi, 2019 aReferences : Leaves 149 - 190 aSoybeansvField and plantation crops97377 aShahinul, Islam,S. M. Supervisor97378 2ddccTHE c81363d81363 102ddc40718THESESaRUCLbRUCLcDoc/Thed2021-12-19eController of Exam. R.U.l0oTHE633.34 ISI 2019pD4448r2023-05-09 00:00:00tC-1yTHE